مكتبة جامعة عجلون الوطنية

فهرس بحث المكتبة

علامة الكويت الشيخ عبد الله الخلف الدحيان :حياته ومراسلاته العلمية وآثاره (Record no. 22369)

MARC details
000 -LEADER
fixed length control field 01062nam a2200193Ii 4500
003 - CONTROL NUMBER IDENTIFIER
control field JO-AjNU
008 - FIXED-LENGTH DATA ELEMENTS--GENERAL INFORMATION
fixed length control field 230605s9999||||xx |||||||||||||| ||und||
040 ## - CATALOGING SOURCE
Original cataloging agency JO-AjNU
Language of cataloging ara
Description conventions rda
Transcribing agency JO-AjNU
041 ## - LANGUAGE CODE
Language code of text/sound track or separate title ara
050 14 - LIBRARY OF CONGRESS CALL NUMBER
Classification number BP80.D84.A43.1994
100 3# - MAIN ENTRY--PERSONAL NAME
Personal name العجمي، محمد بن ناصر,
Relator term author
9 (RLIN) 43691
245 00 - TITLE STATEMENT
Title علامة الكويت الشيخ عبد الله الخلف الدحيان :حياته ومراسلاته العلمية وآثاره
264 31 - PRODUCTION, PUBLICATION, DISTRIBUTION, MANUFACTURE, AND COPYRIGHT NOTICE
Place of production, publication, distribution, manufacture المنصورية:مركز البحوث والدراسات الكويتية،1994
300 ## - PHYSICAL DESCRIPTION
Extent 457ص
Other physical details فهرس الآيات القرآنية من ص399-ص401 ، فهرس الاحاديث النبوية من ص403-ص404-فهرس الاعلام من ص405-421-فهرس البلدان من ص423-ص426-فهرس الكتب من ص427-ص432
336 ## - CONTENT TYPE
Content type term text
Content type code txt
Source rdacontent
337 ## - MEDIA TYPE
Media type term unmediated
Media type code n
Source rdamedia
338 ## - CARRIER TYPE
Carrier type term volume
Carrier type code nc
Source rdacarrier
650 #4 - SUBJECT ADDED ENTRY--TOPICAL TERM
Topical term or geographic name entry element الفقهاء المسلمون-العلماء-الكويت-تراجم-دحيان،عبد الله الخلف
9 (RLIN) 43692
Holdings
Withdrawn status Lost status Source of classification or shelving scheme Damaged status Not for loan Home library Current library Shelving location Date acquired Total Checkouts Full call number Barcode Date last seen Price effective from Koha item type
    Library of Congress Classification     مكتبة جامعة عجلون الوطنية مكتبة جامعة عجلون الوطنية المجموعات العامة 06/06/2023   BP80.D84.A43.1994 A18801 06/06/2023 06/06/2023 Books